Nagaland; (Record no. 210649)

MARC details
000 -LEADER
fixed length control field 00714nam a22002057a 4500
005 - DATE AND TIME OF LATEST TRANSACTION
control field 20250923113513.0
010 ## - LCCN (DPL NO)
LC control number ENG-144416
020 ## - INTERNATIONAL STANDARD BOOK NUMBER
International Standard Book Number 9789385839559
Terms of availability 895.00
035 ## - SYSTEM CONTROL NUMBER
System control number EN-127948
037 ## - SOURCE OF ACQUISITION
Source of stock number/acquisition DBAD
082 ## - DEWEY DECIMAL CLASSIFICATION NUMBER
Classification number 306.0954164
Edition number 1st
245 ## - TITLE STATEMENT
Title Nagaland;
Remainder of title Vibrant Ethnic Communities In Transition Land, People,Livelihood/
Statement of responsibility, etc By K.Jose SVD.
250 ## - EDITION STATEMENT
Edition statement 1
260 ## - PUBLICATION, DISTRIBUTION, ETC. (IMPRINT)
Place of publication, distribution, etc Delhi
Name of publisher, distributor, etc DVS Publications
Date of publication, distribution, etc 2021
270 ## - ADDRESS
Address WZ-33, Lane No-2, Shiv Nagar, New Delhi
City New Delhi
Postal code 110058
Electronic mail address dvspub@gmail.com
-- dvspublisher@gmail.com
300 ## - PHYSICAL DESCRIPTION
Extent xii,156p
Dimensions 22cm(Hb)
490 ## - SERIES STATEMENT
Volume number/sequential designation Vol-2
700 ## - ADDED ENTRY--PERSONAL NAME
Personal name K .Jose SVD And Kedilezo Kikhi
Relator term Edited
9 (RLIN) 79478
942 ## - ADDED ENTRY ELEMENTS (KOHA)
Source of classification or shelving scheme Dewey Decimal Classification
Item type English Books
Call number suffix NAG
Classification part 306.0954164
Edition 1st
Holdings
Withdrawn status Lost status Not for loan Collection code Home library Current library Date acquired Source of acquisition Cost, normal purchase price Full call number Barcode Copy number Cost, replacement price Koha item type
    Not For Loan Non-fiction D.B.Act.Division D.B.Act.Division 02/04/2025 DBAD 995.00 NAG 306.0954164 EN-127948 1 995.00 English Books

© Delhi Public Library
Hit Counter
free hit counter